000 00739nam a2200217 i 4500
001 bg
100 1 _aGodlewski, Jan
_d(1945- ).
245 1 0 _aGeneracja i detekcja promieniowania elektromagnetycznego /
_cJan Godlewski ; Politechnika Gdańska.
260 _aGdańsk :
_bWydaw. PG,
_c1994.
300 _a220 s. :
_brys., wykr. ;
_c24 cm.
504 _aBibliogr. s. 219-220.
521 _aSkrypt jest przeznaczony dla studentów Wydziału Fizyki Technicznej i Matematyki Stosowanej.
650 9 _aFale elektromagnetyczne
650 9 _aPromieniowanie
_xzagadnienia
655 _aPodręczniki akademickie
040 _cBPK
041 0 _apl
080 _a537.8:621.37](075.8)
942 _cKS
008 s pl f |000 0 pol
999 _c6763
_d6763
856 _uhttp://koha.tu.koszalin.pl/cgi-bin/koha/opac-detail.pl?biblionumber=6763
_yKatalog online BPK